| 000 | 00000nam##2200000za#4500 |
| 001 | 9.580800 |
| 003 | CaOODSP |
| 005 | 20210624191219 |
| 007 | cr ||||||||||| |
| 008 | 150406|2000||||xxc|||||o f|0| 0 eng|d |
| 040 | |aCaOODSP|beng |
| 043 | |an-cn--- |
| 086 | 1 |aNH18-22/100-128E-PDF |
| 110 | 2 |aCanada Mortgage and Housing Corporation. |
| 245 | 10|aParking structure deterioration : |h[electronic resource]|ba survey and analysis of its extent and influencing factors |
| 250 | |aRevised 2007 |
| 260 | |aOttawa - Ontario : |bCanada Mortgage and Housing Corporation |cc2001, 2007. |
| 300 | |a6p.|btable |
| 490 | 1 |aResearch and development highlights; technical series|v00-128 |
| 500 | |aFile reproduced from original print. |
| 590 | |a14-16-Supp|b2014-09-25 |
| 775 | 08|tDétérioration des ouvrages de stationnement : |w(CaOODSP)9.607744 |
| 830 | #0|aResearch and development highlights; technical series ;|v00-128|w(CaOODSP)9.504481 |
| 856 | 40|ahttp://publications.gc.ca|qPDF|s273 KB|uhttps://publications.gc.ca/collections/collection_2014/schl-cmhc/NH18-22-100-128-eng.pdf|y00-128 |